| 000 | 01468nam a2200373 i 4500 | ||
|---|---|---|---|
| 001 | 194987 | ||
| 003 | SpMaBN | ||
| 005 | 20260216183917.0 | ||
| 007 | ta | ||
| 008 | 240523s2017 sp a | ||||o000 0 spa | ||
| 017 |
_aCC 246-2017 _bOficina Depósito Legal Cáceres |
||
| 035 | _a(OCoLC)1030683916 | ||
| 035 | _aa6117824 | ||
| 040 |
_aSpMaBN _bspa _cSpMaBN _erdc _dES-MaACL |
||
| 080 | _a94(460.251 Alcollarín) | ||
| 100 | 1 |
_aRamos Rubio, José Antonio, _d1963- _0XX925733 _9174430 |
|
| 245 | 1 | 0 |
_aAlcollarín y el poblado de Fernando V / _cJosé Antonio Ramos Rubio. |
| 260 |
_aCáceres : _bDiputación de Cáceres, _c2017. |
||
| 300 |
_a451 p. : _bil. col. y n., plano ; _c23 cm |
||
| 336 |
_aTexto (visual) _2isbdcontent |
||
| 337 |
_asin mediación _2isbdmedia |
||
| 338 |
_2rdacarrier _avolumen |
||
| 500 | _aCatalogación provisional. Signatura: N 8660. Depósito J. | ||
| 504 | _aBibliografía: p. 193-203 | ||
| 594 | _aPrecede al título: Excmo. Ayuntamiento de Alcollarín | ||
| 651 | 7 |
_aAlcollarín _xHistoria _2embne _9236609 |
|
| 852 |
_aES-MaACL _bR.153071 _cDEPOJ _jN-8660 _hDonación: José Antonio Ramos Rubio _9202637 _zEn proceso |
||
| 903 |
_aRamos Rubio, José Antonio, _d1963- _ednr _9174430 |
||
| 942 |
_n0 _cMONOGRAFIA |
||
| 999 |
_c194987 _d194987 |
||